000 00669nam a22001697a 4500
999 _c80878
_d80878
008 201222b ||||| |||| 00| 0 eng d
040 _aDE-2950
_bger
_cDE-2950
_erda
041 _ager
245 _aEs wird so viel gespart wie nie zuvor.
_bDie Sparkasse Oder-Spree hat ihren Geschäftsbericht 2020 vorgelegt / Die Einlagen stiegen auf 2,9 Milliarden Euro
653 _aFrankfurt (Oder)
653 _aSparkasse Oder-Spree
773 _tMärkischer Markt
_dFrankfurt (Oder): Märkisches Verlags- und Druckhaus GmbH & Co. KG
_g30. Jahrgang (2021) Nr. 12 vom 24/25.03.2021, S. 1: Foto
942 _cA